|
|
|
|
| LEADER |
00000nab#a22000007a#4500 |
| 001 |
arbauad000832 |
| 003 |
AR-BaUAD |
| 005 |
20250711110414.0 |
| 008 |
930621|||||||||###||||||b###|0###a|spa|| |
| 040 |
|
|
|a AR-BaUAD
|c AR-BaUAD
|b spa
|
| 100 |
|
|
|a Krekeler, Michael
|
| 245 |
|
|
|a Todor Popov, Bul :
|b designers /
|c Michael Krekeler;
|
| 300 |
0 |
|
|b il.
|
| 653 |
|
|
|a TRAMAS
|
| 653 |
|
|
|a ISOTIPOS
|
| 653 |
|
|
|a LOGOTIPOS
|
| 653 |
|
|
|a DISEÑO GRAFICO
|
| 773 |
0 |
|
|t NOVUM
|g [oct. 1986], p. 32-37
|
| 942 |
|
|
|c ARTI
|
| 952 |
|
|
|0 0
|1 0
|4 0
|7 0
|9 45752
|a AR-BAuAD
|b AR-BAuAD
|d 2025-07-11
|l 0
|p AAQA000832
|r 2025-07-11 11:04:14
|w 2025-07-11
|y ARTI
|
| 990 |
|
|
|a DG198
|b TD
|
| 998 |
|
|
|a AAQ
|b BIBUN76
|
| 999 |
|
|
|c 25425
|d 25425
|